000 00455nam a2200157 a 4500
001 000038177
005 20201002031203.0
008 090826s2006 dr 000 0 spa d
040 _aDO-SdBNP
_bspa
_cBNPHU
082 _axxx
_bR426r
110 1 _aRepública Dominicana
_9447
245 1 0 _aReglamento interior del senado de la República Dominicana.
260 _aSanto Domingo :
_bCongreso Nacional,
_c2006.
300 _a127 p. ;
_c23 cm.
049 _aBNPD
999 _c37667
_d37667